The mahabharata : (Record no. 5286)

MARC details
000 -LEADER
fixed length control field 00555 a2200169 4500
010 ## - LCCN (DPL NO)
LC control number ENG-86809
020 ## - INTERNATIONAL STANDARD BOOK NUMBER
Terms of availability 395.00
International Standard Book Number 812503238X
035 ## - SYSTEM CONTROL NUMBER
System control number EN-70342
037 ## - SOURCE OF ACQUISITION
Source of stock number/acquisition DBAD / PUB
082 14 - DEWEY DECIMAL CLASSIFICATION NUMBER
Classification number 230.2
100 1# - MAIN ENTRY--PERSONAL NAME
Personal name Badrinath, Chaturvedi
245 1# - TITLE STATEMENT
Title The mahabharata :
Statement of responsibility, etc by Chaturvedi Badrinath
Remainder of title an inquiry in the human condition /
260 ## - PUBLICATION, DISTRIBUTION, ETC. (IMPRINT)
Place of publication, distribution, etc New Delhi
Name of publisher, distributor, etc Orient Longman
Date of publication, distribution, etc 2007
270 ## - ADDRESS
Address 1/24, Asaf Ali Road
City New Delhi
Electronic mail address delgeneral@orientlongman.com
Postal code 110 002
300 ## - PHYSICAL DESCRIPTION
Extent xi, 683p
Dimensions 24cm (pbk)
942 ## - ADDED ENTRY ELEMENTS (KOHA)
Institution code [OBSOLETE] dpl
Item type English Books
Source of classification or shelving scheme Dewey Decimal Classification
Classification part 230.2
Call number suffix BAD
Holdings
Withdrawn status Lost status Not for loan Collection code Home library Current library Source of acquisition Cost, normal purchase price Full call number Barcode Copy number Cost, replacement price Koha item type
    Not For Loan Non-fiction D.B.Act.Division D.B.Act.Division DBAD/PUB 395.00 230.2 BAD EN-70342 1 395.00 English Books

© Delhi Public Library
Hit Counter
free hit counter